| 000 | 00408nam a2200145 a 4500 | ||
|---|---|---|---|
| 001 | 000033255 | ||
| 005 | 20200930070129.0 | ||
| 008 | 110823s1945 mx a 000 0 spa d | ||
| 040 |
_aDO-SdBNP _bspa _cBNPHU |
||
| 082 |
_axxx _bC422 |
||
| 100 | 1 |
_aCestero Burgos, Tulio, _951361 |
|
| 245 | 1 | 0 |
_aGilma / _cTulio Cestero Burgos. |
| 260 |
_aMexico : _bEdiciones Mexicanas, _c1945. |
||
| 300 |
_a81 p. : _bil. ; _c25 cm. |
||
| 999 |
_c32746 _d32746 |
||